Antarjatik samparka (Record no. 7408)

MARC details
000 -LEADER
fixed length control field 00472cam a2200205ua 4500
001 - CONTROL NUMBER
control field 8301
005 - DATE AND TIME OF LATEST TRANSACTION
control field 20260515114321.0
008 - FIXED-LENGTH DATA ELEMENTS--GENERAL INFORMATION
fixed length control field 150128n ii |||gr||||Z||||||asm
020 ## - INTERNATIONAL STANDARD BOOK NUMBER
International Standard Book Number 9789382030065
040 ## - CATALOGING SOURCE
Transcribing agency MAIN
041 ## - LANGUAGE CODE
Language code of text/sound track or separate title asm
082 ## - DEWEY DECIMAL CLASSIFICATION NUMBER
Classification number 327
100 ## - MAIN ENTRY--PERSONAL NAME
Personal name Gohain, N.,
Relator term Author.
245 1# - TITLE STATEMENT
Title Antarjatik samparka
Statement of responsibility, etc. By Nabin Gohain
250 ## - EDITION STATEMENT
Edition statement 2nd.
260 ## - PUBLICATION, DISTRIBUTION, ETC.
Place of publication, distribution, etc. Jorhat:
Name of publisher, distributor, etc. Unika,
Date of publication, distribution, etc. 2013.
300 ## - PHYSICAL DESCRIPTION
Extent 519p.
653 ## - INDEX TERM--UNCONTROLLED
Uncontrolled term International relations
942 ## - ADDED ENTRY ELEMENTS (KOHA)
Koha item type Books
Holdings
Withdrawn status Lost status Damaged status Not for loan Home library Current library Shelving location Date acquired Total checkouts Full call number Barcode Date last seen Copy number Price effective from Koha item type
        Naharkatiya College Library Naharkatiya College Library General stacks 09/19/2020   327 | GOH 21414 09/19/2020 1 09/19/2020 Books
        Naharkatiya College Library Naharkatiya College Library General stacks 09/19/2020   327 | GOH 21415 09/19/2020 2 09/19/2020 Books